| 000 | 00393nam a22001577a 4500 | ||
|---|---|---|---|
| 005 | 20180615122352.0 | ||
| 008 | 160512b xxu||||| |||| 00| 0 eng d | ||
| 041 | _aeng | ||
| 082 |
_b1741 _a657.42 |
||
| 100 |
_aHilton Mohrselto _9519 |
||
| 245 | _aCost Management (Stratagics for Business Dream) | ||
| 260 |
_aNew Delhi _bTMH _c2003 |
||
| 300 | _a936 | ||
| 650 |
_aManagement _9241 |
||
| 942 | _cBK | ||
| 999 |
_c671 _d671 |
||